Normal view
MARC view
- Johnson R K
Entry Personal Name
001 - CONTROL NUMBER
- control field: 215475
003 - CONTROL NUMBER IDENTIFIER
- control field: OSt
005 - DATE AND TIME OF LATEST TRANSACTION
- control field: 20251122103119.0
008 - FIXED-LENGTH DATA ELEMENTS
- fixed length control field: 251122|| aca||aabn | a|a d
040 ## - CATALOGING SOURCE
- Original cataloging agency: OSt
- Transcribing agency: OSt
100 ## - HEADING--PERSONAL NAME
- Personal name: Johnson R K
670 ## - SOURCE DATA FOUND
- Source citation: Work cat.: (OSt)94761: Johnson R K, Life is Not Work Work is Not Life, 2012